000
00331nam a22001457a 4500
008
221117b ||||| |||| 00| 0 eng d
020
_a
9780321867964
041
_a
eng
080
_2
TWELFTH EDITION
_a
51
082
_a
51BIT
100
_a
20.2
101
_a
MATE
245
_a
INTRODUCTORY ALGEBRA
_c
BITTINGER
942
_2
udc
_c
BK
999
_c
58927
_d
58927